• 首页
  • 本馆介绍
  • 公告通知
  • 最新文献
  • 馆藏检索
  • 电子资源
  • 读者导购
  • 参考咨询
  • 我的图书馆
  • 登录
  • 详细信息显示
  • 放入我的书架
  • 预约/预借图书
  • 作者相关作品
  • 分类相关作品
  • 丛书相关作品
  • 出版社相关作品

书目信息

  • 表格格式
  • 工作单格式
  • 卡片格式
题名:
新日语能力测试模拟考场
    
 
作者: 张红云 总主编 ;张艳 , 倪秀梅 , 勾慧明 册主编
分册:  
出版信息: 大连   大连理工大学出版社  2014
页数: 163页
开本: 26cm
丛书名:
单 册:
中图分类: H360.41-44
科图分类:
主题词: 日语--水平考试--习题集
电子资源:
ISBN: 978-7-5611-9104-0
000 00933nam0 2200265 450
001 0103253152
005 20141102144936.0
010    @a978-7-5611-9104-0@dCNY33.00
100    @a20140913d2014 em y0chiy0120 ea
101 0  @achi@ajpn
102    @aCN@b210000
105    @aa q 000yy
106    @ar
200 1  @a新日语能力测试模拟考场@9Xin Ri Yu Neng Li Ce Shi Mo;Mu Ni Kao Chang @f张红云总主编@g张艳,倪秀梅,勾慧明本册主编@b专著
210    @a大连@c大连理工大学出版社@d2014
215    @a163页@c图@d26cm@e1听解原文(80页;21cm)
330    @a本书参考新日本语能力测试N2的题型,设计了8套全真模拟试题,听力部分配有录音。
606 0  @a日语@x水平考试@j习题集
690    @aH360.41-44@v5
701  0 @a张红云@4总主编@9zhang hong yun
702  0 @a张艳@4册主编@9zhang yan
702  0 @a倪秀梅@c(日文)@4册主编@9ni xiu mei
702  0 @a勾慧明@4册主编@9gou hui ming
801  0 @aCN@bAZmarc@c20230902
905    @aBZT@dH360@e1@f5@sH360/1
    
    新日语能力测试模拟考场/张红云总主编/张艳,倪秀梅,勾慧明本册主编.-大连:大连理工大学出版社,2014
    163页:图;26cm+1听解原文(80页;21cm)
    
    
    ISBN 978-7-5611-9104-0:CNY33.00
    本书参考新日本语能力测试N2的题型,设计了8套全真模拟试题,听力部分配有录音。
●
相关链接 在五车中查询图书 在当当中查询图书 在豆瓣中查询图书


正题名:新日语能力测试模拟考场     索取号:H360/1         预约/预借

序号 登录号 条形码 馆藏地/架位号 状态 备注
1 2000005246   2000005246   旧书回溯/ [索取号:H360/1] 在馆    
2 2000005247   2000005247   旧书回溯/ [索取号:H360/1] 在馆    
3 2000005248   2000005248   旧书回溯/ [索取号:H360/1] 在馆    
4 2000005249   2000005249   旧书回溯/ [索取号:H360/1] 在馆    
5 2000005250   2000005250   旧书回溯/ [索取号:H360/1] 在馆    
山东省滨州职业学院图书馆 欢迎您!
大连网信软件有限公司© 版权所有